Normal view MARC view

Entry Topical Term

Number of records used in: 10

001 - CONTROL NUMBER

  • control field: 18868

003 - CONTROL NUMBER IDENTIFIER

  • control field: OSt

005 - DATE AND TIME OF LATEST TRANSACTION

  • control field: 20260305042335.0

008 - FIXED-LENGTH DATA ELEMENTS

  • fixed length control field: 260305|| aca||aabn | a|a d

040 ## - CATALOGING SOURCE

  • Original cataloging agency: OSt
  • Transcribing agency: OSt

150 ## - HEADING--TOPICAL TERM

  • Topical term or geographic name entry element: Cavite (Philippines) -- Commerce

670 ## - SOURCE DATA FOUND

  • Source citation: Work cat.: (OSt)4787: Dela Cruz, Monica A., author. 18865, Evaluating personal marketing strategies of online game streamers in the selected areas of Cavite province /, 2023.